他の市町村名を名前に含む市町村 (2000年) - Statistics

General Stats
  • This quiz has been taken 97 times
  • The average score is 128 of 220
Answer Stats
都道府県 名前に含んでいる市町村 市町村名 % Correct
北海道 広島県広島市 北広島市
98%
北海道 山梨県中富町北海道富良野市 中富良野町
89%
北海道 北海道富良野市 上富良野町
87%
北海道 北海道鵜利尻町静岡県富士市 佐賀県富士町 利尻富士町
87%
青森県 高知県十和村千葉県和田町
長野県和田村
十和田市
87%
北海道 奈良県十津川村新潟県津川町 新十津川町
84%
北海道 愛知県小牧市 苫小牧市
83%
栃木県 東京都大田区島根県大田市 大分県大田村 愛知県田原町 大田原市
83%
神奈川県 愛媛県小田町愛知県田原町 小田原市
83%
静岡県 埼玉県大井町神奈川県大井町
秋田県井川町
徳島県井川町
大井川町
83%
北海道 北海道富良野市 南富良野町
81%
北海道 北海道士幌町 上士幌町
81%
北海道 北海道標津町 中標津町
81%
宮城県 滋賀県多賀町 多賀城市
81%
岐阜県 大分県中津市新潟県津川町 中津川市
81%
奈良県 宮城県大和町 茨城県大和村 神奈川県大和市 新潟県大和町 山梨県大和村 岐阜県大和町 島根県大和村 広島県大和町 山口県大和町 福岡県大和町 佐賀県大和町 鹿児島県大和村 福岡県高田町 大和高田市
81%
北海道 埼玉県秩父市 秩父別町
79%
宮城県 福島県小野町兵庫県小野市
岩手県野田村
千葉県野田市
鹿児島県野田町
小野田町
79%
東京都 新潟県金井町 小金井市
79%
東京都 山形県村山市 東村山市
79%
東京都 山形県村山市 武蔵村山市
79%
福島県 長崎県若松町 会津若松市
78%
埼玉県 岐阜県春日村愛知県春日町
兵庫県春日町
福岡県春日市
春日部市
78%
埼玉県 静岡県富士市 佐賀県富士町 富士見市
78%
東京都 大分県武蔵町 武蔵野市
78%
東京都 鹿児島県国分市 国分寺市
78%
東京都 宮城県大和町茨城県大和村
神奈川県大和市
新潟県大和町
山梨県大和村
岐阜県大和町
島根県大和村
広島県大和町
山口県大和町
福岡県大和町
佐賀県大和町
鹿児島県大和村
東大和市
78%
東京都 静岡県小笠町岐阜県笠原町 小笠原村
78%
神奈川県 三重県伊勢市 伊勢原市
78%
山梨県 静岡県富士市 佐賀県富士町 埼玉県吉田町 新潟県吉田町 静岡県吉田町 島根県吉田村 広島県吉田町 愛媛県吉田町 鹿児島県吉田町 富士吉田市
78%
静岡県 北海道中川町長野県中川村 静岡県川根町 中川根町
78%
静岡県 高知県本川村静岡県川根町 本川根町
78%
愛知県 岐阜県春日村 愛知県春日町 兵庫県春日町 福岡県春日市 春日井市
78%
愛知県 秋田県小坂町岐阜県小坂町
福井県坂井町
長野県坂井村
小坂井町
78%
京都府 京都府宇治市愛知県田原町 宇治田原町
78%
大阪府 茨城県河内町
栃木県河内町
石川県河内村
広島県河内町 長野県長野市
河内長野市
78%
大阪府 大阪府大阪市埼玉県狭山市 大阪狭山市
78%
奈良県 宮城県大和町
茨城県大和村
神奈川県大和市
新潟県大和町
山梨県大和村
岐阜県大和町
島根県大和村
広島県大和町
山口県大和町
福岡県大和町
佐賀県大和町
鹿児島県大和村 福島県郡山市 鹿児島県郡山町
大和郡山市
78%
山口県 福島県小野町 兵庫県小野市 岩手県野田村 千葉県野田市 鹿児島県野田町 小野田市
78%
群馬県 三重県伊勢市 伊勢崎市
76%
東京都 福岡県久留米市 東久留米市
76%
岐阜県 岐阜県美濃市新潟県加茂市 京都府加茂町 島根県加茂町 岡山県加茂町 美濃加茂市
76%
滋賀県 滋賀県近江町山形県八幡町
岐阜県八幡町
京都府八幡市
近江八幡市
76%
京都府 富山県大山町
鳥取県大山町
大分県大山町 兵庫県山崎町
大山崎町
76%
京都府 岩手県野田村千葉県野田市
鹿児島県野田町
福岡県田川市
野田川町
76%
大阪府 滋賀県大津市熊本県大津町 泉大津市
76%
大阪府 大阪府大阪市 東大阪市
76%
広島県 愛知県瀬戸市岡山県瀬戸町
愛媛県瀬戸町
埼玉県戸田市
静岡県戸田村
瀬戸田町
76%
徳島県 石川県小松市愛媛県小松町 宮城県松島町 熊本県松島町 小松島市
76%
北海道 北海道砂川市 上砂川町
75%
北海道 北海道興部町 西興部村
75%
青森県 秋田県西目町 西目屋村
75%
岩手県 福岡県高田町 陸前高田市
75%
宮城県 鳥取県河原町 大河原町
75%
茨城県 茨城県茨城町 北茨城市
75%
埼玉県 高知県北川村宮崎県北川町
岐阜県川辺町
和歌山県川辺町
鹿児島県川辺町
北川辺町
75%
千葉県 滋賀県八日市市徳島県市場町 八日市場市
75%
大阪府 栃木県佐野市 泉佐野市
75%
高知県 高知県土佐市 高知県土佐町 北海道清水町 福井県清水町 静岡県清水市 静岡県清水町 和歌山県清水町 土佐清水市
75%
北海道 北海道清水町福井県清水町
静岡県清水市
静岡県清水町
和歌山県清水町
小清水町
73%
秋田県 長野県飯田市福岡県田川市 飯田川町
73%
福島県 岐阜県坂下町 会津坂下町
73%
茨城県 群馬県太田市 常陸太田市
73%
埼玉県 宮城県松山町 山形県松山町 愛媛県松山市鹿児島県松山町 東松山市
73%
長野県 山形県上山市岩手県山田町
千葉県山田町
富山県山田村
福岡県山田市
宮崎県山田町
上山田町
73%
三重県 富山県大山町鳥取県大山町
大分県大山町
岩手県山田町
千葉県山田町
富山県山田村
福岡県山田市
宮崎県山田町
大山田村
73%
京都府 新潟県長岡市 長岡京市
73%
奈良県 青森県上北町和歌山県北山村 上北山村
73%
埼玉県 埼玉県秩父市 東秩父村
73%
新潟県 新潟県妙高村宮崎県高原町 妙高高原町
71%
富山県 福岡県矢部村熊本県矢部町 小矢部市
71%
山梨県 千葉県市川市兵庫県市川町 富山県大門町 市川大門町
71%
静岡県 静岡県富士市 佐賀県富士町 富士宮市
71%
愛知県 愛知県知多市 南知多町
71%
京都府 和歌山県田辺市 京田辺市
71%
愛媛県 愛媛県宇和町新潟県和島村 宇和島市
71%
愛媛県 愛媛県伊予市福島県三島町
新潟県三島町
静岡県三島市
鹿児島県三島村
伊予三島市
71%
福岡県 茨城県那珂町 那珂川町
71%
東京都 東京都多摩市 奥多摩町
70%
長野県 長野県諏訪市 下諏訪町
70%
岐阜県 島根県斐川町 揖斐川町
70%
広島県 広島県広島市 東広島市
70%
高知県 高知県土佐市 高知県土佐町
岩手県山田町
千葉県山田町
富山県山田村
福岡県山田市
宮崎県山田町
土佐山田町
70%
佐賀県 兵庫県三田市福岡県田川市 三田川町
70%
鹿児島県 愛知県瀬戸市 岡山県瀬戸町 愛媛県瀬戸町 瀬戸内町
70%
山形県 長崎県石田町 大石田町
68%
群馬県 長野県長野市 長野原町
68%
新潟県 島根県出雲市 出雲崎町
68%
山梨県 群馬県上野村三重県上野市 沖縄県上野村 上野原町
68%
長野県 静岡県富士市 佐賀県富士町 富士見町
68%
奈良県 和歌山県北山村 下北山村
68%
和歌山県 千葉県勝浦市徳島県勝浦町 那智勝浦町
68%
沖縄県 岩手県大東町静岡県大東町
大阪府大東市
島根県大東町
北大東村
68%
沖縄県 岩手県大東町
静岡県大東町
大阪府大東市
島根県大東町
南大東村
68%
北海道 北海道寿都町 留寿都村
67%
秋田県 秋田県阿仁町 上小阿仁村
67%
栃木県 山梨県高根町岐阜県高根村 高根沢町
67%
群馬県 福島県小野町 兵庫県小野市 和歌山県野上町 小野上村
67%
山梨県 石川県山中町 山中湖村
67%
山梨県 京都府丹波町 丹波山村
67%
長野県 長野県箕輪町 南箕輪村
67%
長野県 兵庫県温泉町 野沢温泉村
67%
岐阜県 岐阜県白川町岐阜県白川村 東白川村
67%
京都府 京都府山城町 南山城村
67%
兵庫県 青森県名川町 猪名川町
67%
鳥取県 京都府日吉町愛媛県日吉村
鹿児島県日吉町
日吉津村
67%
愛媛県 静岡県新居町 新居浜市
67%
愛媛県 山形県八幡町
岐阜県八幡町
京都府八幡市
八幡浜市
67%
岩手県 高知県田野町宮崎県田野町 田野畑村
65%
埼玉県 富山県福岡町福岡県福岡市 上福岡市
65%
東京都 愛知県津島市愛媛県津島町 神津島村
65%
奈良県 新潟県津川町 十津川村
65%
香川県 三重県多度町 多度津町
65%
埼玉県 鳥取県鹿野町 山口県鹿野町 小鹿野町
63%
長野県 島根県布施村 小布施町
63%
奈良県 奈良県吉野町 徳島県吉野町 東吉野村
63%
福岡県 北海道大野町 岩手県大野村 福井県大野市 岐阜県大野町 広島県大野町 大分県大野町 大野城市
63%
大分県 福岡県高田町 豊後高田市
63%
栃木県 山形県三川町新潟県三川村 上三川町
62%
和歌山県 和歌山県古座町 古座川町
62%
岡山県 岡山県久米町 久米南町
62%
沖縄県 神奈川県座間市 座間味村
62%
青森県 高知県十和村
青森県十和田市
千葉県和田町
長野県和田村
十和田湖町
60%
福島県 栃木県塩原町 北塩原村
60%
長野県 北海道福島町福島県福島市 長崎県福島町 木曽福島町
60%
栃木県 | 香川県 鹿児島県国分市 国分寺町
59%
滋賀県 長野県安曇村 安曇川町
59%
奈良県 愛知県田原町 田原本町
59%
山口県 山形県南陽市 新南陽市
59%
北海道 秋田県井川町徳島県井川町 赤井川村
57%
山梨県 愛知県一色町 上九一色村
57%
静岡県 静岡県富士市 佐賀県富士町 富士川町
57%
兵庫県 宮城県古川市岐阜県古川町 加古川市
57%
北海道 北海道湧別町 上湧別町
56%
神奈川県 広島県久井町 津久井町
56%
山口県 島根県布施村 田布施町
56%
神奈川県 鳥取県河原町 湯河原町
54%
静岡県 新潟県長岡市 伊豆長岡町
54%
島根県 兵庫県温泉町 温泉津町
54%
熊本県 山形県小国町新潟県小国町
熊本県小国町
南小国町
54%
沖縄県 沖縄県中城村 北中城村
54%
福島県 福岡県高田町 会津高田町
52%
福島県 広島県本郷町山口県本郷村 会津本郷町
52%
京都府 福井県美浜町愛知県美浜町
和歌山県美浜町
久美浜町
52%
和歌山県 三重県熊野市広島県熊野町 熊野川町
52%
徳島県 和歌山県那賀町 那賀川町
52%
高知県 高知県土佐市 高知県土佐町 中土佐町
52%
栃木県 茨城県河内町
栃木県河内町
石川県河内村
広島県河内町
上河内町
51%
滋賀県 滋賀県浅井町 西浅井町
51%
鹿児島県 鹿児島県串良町 東串良町
51%
三重県 三重県長島町鹿児島県長島町 紀伊長島町
49%
鹿児島県 鹿児島県屋久町 上屋久町
49%
群馬県 青森県大間町 大間々町
48%
大分県 高知県佐賀町佐賀県佐賀市 佐賀関町
48%
兵庫県 茨城県河内町 栃木県河内町 石川県河内村 広島県河内町 大河内町
46%
兵庫県 千葉県和田町 長野県和田村 和田山町
46%
和歌山県 山口県日置町 日置川町
46%
栃木県 栃木県那須町 西那須野町
44%
埼玉県 茨城県利根町 大利根町
44%
島根県 新潟県六日町 六日市町
44%
広島県 福島県田島町 江田島町
44%
北海道 愛知県田原町 生田原町
43%
宮城県 和歌山県岩出町 岩出山町
43%
三重県 秋田県大内町香川県大内町 大内山村
43%
大阪府 千葉県和田町 長野県和田村 岸和田市
43%
山口県 青森県むつ市 むつみ村
43%
佐賀県 佐賀県脊振村 東脊振村
41%
鹿児島県 鹿児島県市来町 東市来町
41%
広島県 高知県安芸市 安芸津町
40%
徳島県 茨城県河内町 栃木県河内町 石川県河内村 広島県河内町 佐那河内村
40%
長崎県 長崎県佐々町 小佐々町
40%
群馬県 静岡県富士市 佐賀県富士町 富士見村
38%
山梨県 岐阜県春日村
愛知県春日町
兵庫県春日町
福岡県春日市
春日居町
38%
静岡県 鹿児島県天城町 天城湯ケ島町
38%
静岡県 長野県佐久市長野県佐久町 佐久間町
38%
広島県 広島県蒲刈町 下蒲刈町
38%
新潟県 島根県広瀬町 入広瀬村
37%
佐賀県 和歌山県有田市佐賀県有田町 西有田町
37%
熊本県 熊本県合志町 西合志町
37%
奈良県 奈良県吉野町 徳島県吉野町 西吉野村
35%
和歌山県 青森県南部町山梨県南部町 和歌山県南部町 南部川村
35%
島根県 島根県出雲市 東出雲町
35%
鹿児島県 鹿児島県根占町 大根占町
35%
長野県 長野県信濃町 南信濃村
33%
長崎県 長崎県有家町 西有家町
33%
宮城県 福島県鹿島町石川県鹿島町
島根県鹿島町
佐賀県鹿島市
鹿児島県鹿島村
鹿島台町
32%
和歌山県 和歌山県高野町広島県高野町 高野口町
32%
岡山県 新潟県加茂市
京都府加茂町
島根県加茂町
岡山県加茂町
加茂川町
32%
広島県 広島県世羅町 世羅西町
32%
徳島県 和歌山県那賀町 上那賀町
32%
愛媛県 福島県三島町 新潟県三島町 静岡県三島市 鹿児島県三島村 大三島町
32%
長崎県 山形県長井市 小長井町
32%
秋田県 秋田県由利町 東由利町
29%
栃木県 茨城県河内町栃木県河内町
石川県河内村
広島県河内町
南河内町
29%
栃木県 栃木県那須町 南那須町
27%
徳島県 新潟県加茂市 京都府加茂町 島根県加茂町 岡山県加茂町 三加茂町
27%
香川県 北海道大野町岩手県大野村
福井県大野市
岐阜県大野町
広島県大野町
大分県大野町
大野原町
27%
大分県 大分県耶馬渓町 本耶馬渓町
27%
宮城県 新潟県津川町 志津川町
25%
秋田県 秋田県仙北町 西仙北町
25%
福岡県 福岡県吉富町 新吉富村
25%
宮城県 群馬県新田町 中新田町
24%
奈良県 高知県田野町宮崎県田野町 菟田野町
24%
埼玉県 鳥取県河原町 南河原村
22%
高知県 高知県土佐市高知県土佐町 西土佐村
22%
広島県 茨城県河内町
栃木県河内町
石川県河内村
広島県河内町
戸河内町
21%
長崎県 愛知県瀬戸市
岡山県瀬戸町
愛媛県瀬戸町
大瀬戸町
21%
熊本県 奈良県御所市 御所浦町
21%
大分県 大分県中津市 中津江村
21%
高知県 高知県土佐市 高知県土佐町 土佐山村
19%
宮城県 北海道清水町 福井県清水町 静岡県清水市 静岡県清水町 和歌山県清水町 高清水町
17%
茨城県 茨城県利根町 新利根町
17%
新潟県 千葉県和田町 長野県和田村 佐和田町
17%
長崎県 愛知県津島市愛媛県津島町 美津島町
16%
長崎県 奈良県奈良市 奈良尾町
14%
大分県 大分県野津町 野津原町
13%
山梨県 千葉県和田町 長野県和田村 足和田村
11%
石川県 奈良県吉野町徳島県吉野町 吉野谷村
10%
高知県 北海道大野町
岩手県大野村
福井県大野市
岐阜県大野町
広島県大野町
大分県大野町
大野見村
10%
No matching quizzes found
Score Distribution
Percent of People with Each Score
Percentile by Number Answered
Your Score History
You have not taken this quiz